3 Biggest Cities in each Region of Venezuela - Statistics

General Stats
  • This quiz has been taken 4 times
  • The average score is 13 of 71
Answer Stats
Region + Rank Population City % Correct
Capital 1 5,306,775 Caracas
100%
Zulia 1 3,479,156 Maracaibo
100%
Aragua 1 1,591,316 Maracay
100%
Anzoátegui 1 1,136,090 Barcelona
75%
Lara 1 2,128,755 Barquisimeto
75%
Carabobo 1 2,540,165 Valencia
75%
Bolívar 2 441,105 Ciudad Bolívar
50%
Mérida 1 354,461 Mérida
50%
Portuguesa 1 340,551 Acarigua
25%
Barinas 1 418,093 Barinas
25%
Zulia 2 510,196 Cabimas
25%
Lara 2 274,057 Cabudare
25%
Guárico 1 180,565 Calabozo
25%
La Guaira 1 221,542 Catia La Mar
25%
Zulia 3 301,084 Ciudad Ojeda
25%
Falcón 2 244,008 Coro
25%
Mérida 3 90,065 Ejido
25%
Anzoátegui 3 280,485 El Tigre
25%
Mérida 2 131,225 El Vigía
25%
Miranda 2 450,018 Guarenas
25%
Miranda 3 291,385 Los Teques
25%
La Guaira 2 204,770 Maiquetía
25%
Monagas 1 714,059 Maturín
25%
Nueva Esparta 1 223,060 Porlamar
25%
Amazonas 1 118,605 Puerto Ayacucho
25%
Carabobo 3 236,095 Puerto Cabello
25%
Anzoátegui 2 472,014 Puerto La Cruz
25%
Táchira 1 463,950 San Cristóbal
25%
Yaracuy 1 319,341 San Felipe
25%
Apure 1 182,037 San Fernando de Apure
25%
Trujillo 3 85,101 Trujillo
25%
Delta Amacuro 1 101,505 Tucupita
25%
Aragua 2 306,025 Turmero
25%
Trujillo 1 263,840 Valera
25%
Yaracuy 2 80,217 Yaritagua
25%
Portuguesa 3 122,060 Araure
0%
Trujillo 2 89,319 Boconó
0%
Bolívar 3 58,008 Caicara del Orinoco
0%
Sucre 2 260,190 Carúpano
0%
Yaracuy 3 59,135 Chivacoa
0%
Sucre 1 410,470 Cumaná
0%
Apure 3 17,960 El Nula
0%
Delta Amacuro 2 24,912 El Triunfo
0%
Federal Dependencies 1 2,105 Gran Roque
0%
Carabobo 2 288,513 Guacara
0%
Portuguesa 2 258,303 Guanare
0%
Apure 2 62,473 Guasdualito
0%
Miranda 1 980,770 Guatire
0%
Bolívar 1 1,055,310 Guayana City
0%
Sucre 3 48,113 Guiria
0%
Nueva Esparta 2 56,104 Juan Griego
0%
Amazonas 3 2,811 La Esmeralda
0%
La Guaira 3 110,402 La Guaira
0%
Aragua 3 171,105 La Victoria
0%
Delta Amacuro 3 8,905 Los Barrancos de Guaritico
0%
Nueva Esparta 3 41,075 Pampatar
0%
Monagas 3 47,155 Punta de Mata
0%
Falcón 1 250,721 Punto Fijo
0%
Táchira 3 106,905 Rubio
0%
Cojedes 2 92,880 San Carlos
0%
Amazonas 2 6,613 San Fernando de Atabapo
0%
Guárico 2 116,750 San Juan de Los Morros
0%
Barinas 2 83,710 Santa Bárbara
0%
Barinas 3 78,166 Socopó
0%
Lara 3 245,863 Tamaca
0%
Táchira 2 121,550 Táriba
0%
Monagas 2 51,106 Temblador
0%
Cojedes 3 35,066 Tinaco
0%
Cojedes 1 119,240 Tinaquillo
0%
Falcón 3 60,990 Tucacas
0%
Guárico 3 108,872 Valle De La Pascua
0%
No matching quizzes found
Score Distribution
Percent of People with Each Score
Percentile by Number Answered
Your Score History
You have not taken this quiz